| 000 | 00569nam a2200205 a 4500 | ||
|---|---|---|---|
| 005 | 20210223120447.0 | ||
| 008 | 991125s1996 mx 000 0 spa u | ||
| 020 | _a9681650522 | ||
| 035 | _aUPN01000001666 | ||
| 049 | _aF | ||
| 050 | 4 |
_aPT9766 L24 _bA4 |
|
| 100 | 1 |
_aLagerlof, Selma Ottiliana Lovisa, _d1858-1940 _928934 |
|
| 245 | 1 | 0 |
_aAlgunas leyendas de Cristo / _cSelma Lagerlf. |
| 260 |
_aMéxico : _bFCE, _c1996. |
||
| 300 | _a83 p. | ||
| 440 | 0 | _aFondo 2000 | |
| 500 | _a"Tomado de: Leyendas de Cristo" | ||
| 650 | 4 |
_aLITERATURA SUECA _913669 |
|
| 905 | _aLibro | ||
| 999 |
_c1666 _d1666 |
||